Lecture notes on Biochemistry (Record no. 650)

MARC details
000 -LEADER
fixed length control field 00540nam a22001937a 4500
003 - CONTROL NUMBER IDENTIFIER
control field OSt
005 - DATE AND TIME OF LATEST TRANSACTION
control field 20230220171004.0
008 - FIXED-LENGTH DATA ELEMENTS--GENERAL INFORMATION
fixed length control field 141031b xxu||||| |||| 00| 0 eng d
020 ## - INTERNATIONAL STANDARD BOOK NUMBER
International Standard Book Number 0632012536
040 ## - CATALOGING SOURCE
Transcribing agency dnlm
082 ## - DEWEY DECIMAL CLASSIFICATION NUMBER
Classification number QU4 C1611 1984
100 ## - MAIN ENTRY--PERSONAL NAME
Personal name Candlish J K
9 (RLIN) 1715
245 ## - TITLE STATEMENT
Title Lecture notes on Biochemistry
260 ## - PUBLICATION, DISTRIBUTION, ETC. (IMPRINT)
Place of publication, distribution, etc. London :
Name of publisher, distributor, etc. Blackwell Scientific Publications ;
Date of publication, distribution, etc. 1984.
300 ## - PHYSICAL DESCRIPTION
Extent 290 p :
Other physical details ill ;
Dimensions 27 cm
504 ## - BIBLIOGRAPHY, ETC. NOTE
Bibliography, etc Includes Bibliographical references and Index.
650 ## - SUBJECT ADDED ENTRY--TOPICAL TERM
Topical term or geographic name as entry element Biochemistry
9 (RLIN) 443
942 ## - ADDED ENTRY ELEMENTS (KOHA)
Source of classification or shelving scheme Other/Generic Classification Scheme
Koha item type Short Loan
Holdings
Withdrawn status Lost status Source of classification or shelving scheme Damaged status Not for loan Home library Current library Date acquired Source of acquisition Inventory number Total Checkouts Full call number Barcode Date last seen Price effective from Koha item type
    Other/Generic Classification Scheme     MUST Main Library MUST Main Library 31/10/2014   1997/11271   QU 4 C1611 1984 2014-3220 31/10/2014 31/10/2014 Short Loan